Normal view
MARC view
- Periodicals.
Entry Genre/Form Term
001 - CONTROL NUMBER
- control field: 26560
003 - CONTROL NUMBER IDENTIFIER
- control field: NUST
005 - DATE AND TIME OF LATEST TRANSACTION
- control field: 20191208163037.0
008 - FIXED-LENGTH DATA ELEMENTS
- fixed length control field: 191208|| aca||aabn | a|a d
040 ## - CATALOGING SOURCE
- Original cataloging agency: NUST
- Transcribing agency: NUST
155 ## - HEADING--GENRE/FORM TERM
- Genre/form term: Periodicals.
670 ## - SOURCE DATA FOUND
- Source citation: Work cat.: (NUST)0: Higher education exchange., c1994-
